| 000 | 00455nam a22001697a 4500 | ||
|---|---|---|---|
| 999 |
_c478647 _d478647 |
||
| 003 | NUST | ||
| 005 | 20180711100841.0 | ||
| 008 | 180625b ||||| |||| 00| 0 eng d | ||
| 038 | _aArshad | ||
| 040 | _aNUST- Fiction | ||
| 082 |
_a 323.4909546 _bHUS |
||
| 100 |
_aHussain, Afzal _911215 |
||
| 245 |
_aKashmir and human rights/ _cAfzal Hussain |
||
| 260 |
_aRawalpindi: _bST printers, _c2016 |
||
| 650 |
_aHuman rights _xKashmir _911216 |
||
| 942 |
_2ddc _cBK |
||